¡Llévate esos payasos! / (Registro nro. 4580)
[ vista simple ]
| 000 -LEADER | |
|---|---|
| fixed length control field | 00901nam a2200217Ia 4500 |
| 003 - CONTROL NUMBER IDENTIFIER | |
| control field | OSt |
| 005 - DATE AND TIME OF LATEST TRANSACTION | |
| control field | 20200401105444.0 |
| 008 - FIXED-LENGTH DATA ELEMENTS--GENERAL INFORMATION | |
| fixed length control field | 191128s1983 ck a gr 001 0 spa d |
| 040 ## - CATALOGING SOURCE | |
| Original cataloging agency | CO-JMCR |
| Transcribing agency | CO-JMCR |
| 041 0# - LANGUAGE CODE | |
| Language code of text/sound track or separate title | spa |
| 082 04 - DEWEY DECIMAL CLASSIFICATION NUMBER | |
| Classification number | 070.5 / |
| Item number | S192l |
| 100 1# - MAIN ENTRY--PERSONAL NAME | |
| Personal name | Samper Pizano, Daniel, |
| Relator term | autor |
| 9 (RLIN) | 2331 |
| 245 10 - TITLE STATEMENT | |
| Title | ¡Llévate esos payasos! / |
| Statement of responsibility, etc. | Daniel Samper Pizano |
| 250 ## - EDITION STATEMENT | |
| Edition statement | 1a. edición |
| 260 ## - PUBLICATION, DISTRIBUTION, ETC. | |
| Place of publication, distribution, etc. | Bogotá : |
| Name of publisher, distributor, etc. | Editorial Pluma |
| Date of publication, distribution, etc. | 1983 |
| 300 ## - PHYSICAL DESCRIPTION | |
| Extent | 491 páginas : |
| Other physical details | ilustraciones a blanco y negro ; |
| Dimensions | 21 cm. |
| 505 ## - FORMATTED CONTENTS NOTE | |
| Formatted contents note | En familia -- Todas clases de vainas Los discípulos de Mastropiero -- Buscapersonas -- Homenaje redondo -- Vainas largas -- Colombia muy mentada |
| 520 ## - SUMMARY, ETC. | |
| Summary, etc. | …Me he [censurado] de la risa con su libro, comprobando asi que solo dos firmas en el universo logran provocar tal efecto en mi personalidad un tanto severa. |
| 650 14 - SUBJECT ADDED ENTRY--TOPICAL TERM | |
| Topical term or geographic name entry element | Crónicas |
| 9 (RLIN) | 2245 |
| 942 ## - ADDED ENTRY ELEMENTS (KOHA) | |
| Source of classification or shelving scheme | Dewey Decimal Classification |
| Koha item type | Books |
| Withdrawn status | Lost status | Source of classification or shelving scheme | Materials specified (bound volume or other part) | Damaged status | Not for loan | Home library | Current library | Shelving location | Date acquired | Source of acquisition | Cost, normal purchase price | Total Checkouts | Full call number | Barcode | Date last seen | Date last checked out | Copy number | Price effective from | Koha item type |
|---|---|---|---|---|---|---|---|---|---|---|---|---|---|---|---|---|---|---|---|
| Dewey Decimal Classification | Donación--15/04/2018-- | Biblioteca Pública José María del Castillo y Rada | Biblioteca Pública José María del Castillo y Rada | General Stacks | 11/28/2019 | Donación | 0.00 | 3 | 070.5 / S192l | 201809513 | 05/16/2024 | 01/23/2020 | Ej.1 | 11/28/2019 | Books |